| 000 | 00684nam a2200193 i 4500 | ||
|---|---|---|---|
| 001 | 154873 | ||
| 003 | ES-MaACL | ||
| 005 | 20230906205902.0 | ||
| 008 | 040721s1896 fr a |||| | fre d | ||
| 040 |
_aCAM _bspa _cCAM |
||
| 100 | 1 |
_aGuesviller, Gustave. _960602 |
|
| 245 | 1 | 3 |
_a[Le voyage / _cpar Gustave Guesviller; illustrations de Slom]. |
| 260 |
_a[Paris : _bMonde Illustré, _cs.a.] |
||
| 300 |
_a8 p. ; _c31 cm. |
||
| 594 | _aDatos tomados de pag.1. | ||
| 596 | _aPublicado como Supplement du Monde Illustré, nº 2058, de 1896. | ||
| 700 | 1 |
_aSlom, A. _9106792 |
|
| 852 |
_aES-MaACL _jT-779-F-4 _z-- Enc. hol. _q-- Falto de la cub. original _z-- Enc. en un vol. facticio |
||
| 999 |
_c154873 _d154873 |
||